|
|
|
|
| LEADER |
00000nam a22000007a 4500 |
| 005 |
20110922122843.0 |
| 008 |
110922s2008 xxu ||||s|||| 00| 0 eng d |
| 020 |
|
|
|a 978-1-4144-1050-6
|
| 035 |
|
|
|a 2760
|
| 040 |
|
|
|a vLex
|
| 090 |
|
|
|c 2529
|d 2529
|
| 245 |
0 |
0 |
|a National Survey of State Laws
|h [Recurso electrn̤ico]
|
| 256 |
|
|
|a Servicio en ln̕ea.
|
| 260 |
|
|
|a Detroit, MI :
|b Gale Group,
|c [2008]
|
| 300 |
|
|
|a 1 recurso electrn̤ico
|
| 500 |
|
|
|a Cited in the majority opinions in three recent Supreme Court cases, the new edition of this lauded reference helps users make quick, state-by-state comparisons of current state laws – how they differ and how they're similar – for a range of relevant subjects. Entries are then referenced to a specific code or statute enabling the reader to access the detailed text of the law elsewhere.
|
| 506 |
1 |
|
|a Contenido solo disponible en los productos indicados
|d vLex Global
|d vLex Global (Academic Edition, excluding Law Schools)
|d vLex Global (Academic Edition, Law Schools)
|
| 650 |
0 |
4 |
|a Derecho
|z Estados Unidos de Amřica
|
| 740 |
0 |
|
|a vLex Libros (Servicio en ln̕ea)
|
| 856 |
4 |
0 |
|u http://vlex.com/source/national-survey-state-laws-2760
|z Acceso restringido
|
| 942 |
|
|
|c BOOK
|